00582nam a22001817a 450000500170000001000150001702000260003203500140005803700090007208200120008110000240009324500960011725000060021326000540021927000830027330000240035670000200038020250709143037.0 aENG-145895 c395.00a9789395368773 aEN-129427 bDBAD a363.293 aSahoo, Prabhudarsan aAlcohol De-Addiction:cPrabhudarsan Sahoo and Namita MohantybA Journey Through Counselling a1 aHyderabadbNeelkamal Publications Pvt. Ltd.c2024 bHyderabadaSultan Bazar, Koti, Hyderabade500001k040-24757140k+91 9811828953 a192 p.c24.1 cm(pb) aMohanty, Namita